000 00696nam a2200229 i 4500
001 112400
003 ES-MaACL
005 20240125164756.0
007 t|
008 061121s1958 sp r ||||1| spa d
100 1 _aOrtega y Gasset, José,
_d1883-1955
_987503
245 1 0 _aKant, Hegel, Dilthey /
_cJosé Ortega y Gasset.
260 _aMadrid :
_bRevista de Occidente,
_c1958.
300 _aXIV, 218 p. ;
_c18 cm.
490 1 _aEl arquero
600 1 4 _aKant, Immanuel,
_d1724-1804
_9222608
600 1 4 _aHegel, Georg Wilhelm Friedrich.
_962316
600 1 4 _aDilthey, Wilhelm.
_944818
830 1 _aEl arquero
_9185163
852 _aES-MaACL
_jC-14296
999 _c112400
_d112400